000 02238nam a2200325 a 4500
001 ASIN0520272153
005 20170105102926.0
008 131212s2012 xxu eng d
020 _a0520272153 (paperback)
_c$28.95
020 _a9780520272156 (paperback)
040 _a0
050 0 4 _aJS7093.A6
082 0 4 _a352.38709549149
_bHUL 2012
100 1 _aHull, Matthew S.
245 1 0 _aGovernment of paper :
_bthe materiality of bureaucracy in urban pakistan /
_cMatthew S. Hull.
250 _a1st ed.
260 _a[S.l.] :
_bUniversity of California Press,
_c2012.
300 _a320 p. ;
_c23 cm.
520 _aIn the electronic age, documents appear to have escaped their paper confinement. But we are still surrounded by flows of paper with enormous consequences. In the planned city of Islamabad, order and disorder are produced through the ceaseless inscription and circulation of millions of paper artifacts among bureaucrats, politicians, property owners, villagers, imams (prayer leaders), businessmen, and builders. What are the implications of such a thorough paper mediation of relationships among people, things, places, and purposes? Government of Paper explores this question in the routine yet unpredictable realm of the Pakistani urban bureaucracy, showing how the material forms of postcolonial bureaucratic documentation produce a distinctive political economy of paper that shapes how the city is constructed, regulated, and inhabited. Files, maps, petitions, and visiting cards constitute the enduring material infrastructure of more ephemeral classifications, laws, and institutional organizations. Matthew S. Hull develops a fresh approach to state governance as a material practice, explaining why writing practices designed during the colonial era to isolate the government from society have become a means of participation in it.
650 0 _aBureaucracy
650 0 _aCity planning
650 0 _aGovernment paperwork
650 0 _aMunicipal government
650 0 _aPakistan
650 0 _aPakistan--Islāmābād
650 0 _aPolitical science
650 0 _aPublic records
856 4 0 _3Amazon.com
_uhttp://www.amazon.com/exec/obidos/ASIN/0520272153/chopaconline-20
942 _2ddc
_cBK
999 _c15815
_d15815